Fundamentals of human resource management / (Record no. 1098)

MARC details
000 -LEADER
fixed length control field 00796nam a22002537a 4500
003 - CONTROL NUMBER IDENTIFIER
control field BD-DhJNU
005 - DATE AND TIME OF LATEST TRANSACTION
control field 20250116052632.0
008 - FIXED-LENGTH DATA ELEMENTS--GENERAL INFORMATION
fixed length control field 250116b |||||||| |||| 00| 0 eng d
020 ## - INTERNATIONAL STANDARD BOOK NUMBER
International Standard Book Number 9781119032748
020 ## - INTERNATIONAL STANDARD BOOK NUMBER
International Standard Book Number 9781119158844
040 ## - CATALOGING SOURCE
Original cataloging agency BD-DhJNU
Language of cataloging ENG
Transcribing agency BD-DhJNU
Modifying agency BD-DhJNU
082 ## - DEWEY DECIMAL CLASSIFICATION NUMBER
Edition number 23
Classification number 658.3 DEF
100 ## - MAIN ENTRY--PERSONAL NAME
Personal name DeCenzo, David A.
245 ## - TITLE STATEMENT
Title Fundamentals of human resource management /
Statement of responsibility, etc. David A. DeCenzo, Stephen P. Robbins and Susan L. Verhulst
250 ## - EDITION STATEMENT
Edition statement 12th ed.
260 ## - PUBLICATION, DISTRIBUTION, ETC.
Place of publication, distribution, etc. Hoboken :
Name of publisher, distributor, etc. John Wiley & Sons,
Date of publication, distribution, etc. 2015.
300 ## - PHYSICAL DESCRIPTION
Extent xix,364p. :
Other physical details ill. ;
Dimensions 24 cm.
504 ## - BIBLIOGRAPHY, ETC. NOTE
Bibliography, etc. note Includes index
650 ## - SUBJECT ADDED ENTRY--TOPICAL TERM
Topical term or geographic name entry element Human Resources & Personnel Management
650 ## - SUBJECT ADDED ENTRY--TOPICAL TERM
Topical term or geographic name entry element Personnel Direction
700 ## - ADDED ENTRY--PERSONAL NAME
Personal name Robbins, Stephen P.
700 ## - ADDED ENTRY--PERSONAL NAME
Personal name Verhulst, Susan L.
942 ## - ADDED ENTRY ELEMENTS (KOHA)
Source of classification or shelving scheme Dewey Decimal Classification
Koha item type Books
Suppress in OPAC No
Holdings
Withdrawn status Lost status Source of classification or shelving scheme Damaged status Not for loan Collection Home library Current library Shelving location Date acquired Source of acquisition Total checkouts Full call number Barcode Date last seen Copy number Price effective from Koha item type
    Dewey Decimal Classification     Non-fiction Jagannath University Central Library Jagannath University Central Library General stacks 01/16/2025 Purchased   658.3 DEF JNUCL35171 01/16/2025 1 01/16/2025 Books
    Dewey Decimal Classification     Non-fiction Jagannath University Central Library Jagannath University Central Library General stacks 02/04/2025 Purchased   658.3 DEF JNUCL35170 02/04/2025 2 02/04/2025 Books
    Dewey Decimal Classification     Non-fiction Jagannath University Central Library Jagannath University Central Library General stacks 11/12/2025 Purchased   658.3 DEF JNUCL35951 11/12/2025 3 11/12/2025 Books
    Dewey Decimal Classification     Non-fiction Jagannath University Central Library Jagannath University Central Library General stacks 11/12/2025 Purchased   658.3 DEF JNUCL35952 11/12/2025 4 11/12/2025 Books
    Dewey Decimal Classification     Non-fiction Jagannath University Central Library Jagannath University Central Library General stacks 11/12/2025 Purchased   658.3 DEF JNUCL35953 11/12/2025 5 11/12/2025 Books